| 000 | 00483caa a22001572a 4500 | ||
|---|---|---|---|
| 001 | 005429 | ||
| 003 | AR-FADEU | ||
| 008 | 311216n########xxu####################dd | ||
| 092 |
_a001.642 _bP954 |
||
| 100 | _aJohnson, Mark | ||
| 245 | _aDeductive parsing : the use of knowiedge of language | ||
| 300 | _aPP. 39-64 | ||
| 500 | _aEn: Principle-Based parging : computation and psycholonguistics /ed. Robert C. Berwick. Dordrecht : Kluwer, 1992 | ||
| 546 | _aInglés | ||
| 942 | _cBDGR | ||
| 999 |
_c11251 _d11251 |
||